<?xml version="1.0" encoding="UTF-8"?>
<collection xmlns="http://www.loc.gov/MARC21/slim">
 <record>
  <leader>01266nam a2200217 a 4500</leader>
  <controlfield tag="001">TVCDKTCT10074</controlfield>
  <controlfield tag="003">Thư viện trường Cao đẳng Kỹ thuật Cao Thắng</controlfield>
  <controlfield tag="005">20080808000000</controlfield>
  <controlfield tag="008">080808</controlfield>
  <datafield tag="980" ind1="\" ind2="\">
   <subfield code="a">Thư viện Trường CĐ Kỹ Thuật Cao Thắng</subfield>
  </datafield>
  <datafield tag="024" ind1=" " ind2=" ">
   <subfield code="a">RG_1 #1 eb0 i1</subfield>
  </datafield>
  <datafield tag="020" ind1="#" ind2="#">
   <subfield code="a">0071458980</subfield>
  </datafield>
  <datafield tag="041" ind1="0" ind2="#">
   <subfield code="a">vie</subfield>
  </datafield>
  <datafield tag="082" ind1="#" ind2="#">
   <subfield code="a">080 / </subfield>
   <subfield code="b">B400O-m</subfield>
  </datafield>
  <datafield tag="100" ind1="1" ind2="#">
   <subfield code="a">Pincus Marilyn</subfield>
  </datafield>
  <datafield tag="245" ind1="0" ind2="0">
   <subfield code="a">Boost Your Presentation IQ: Proven Techniques for Winning Presentations and Speeches /</subfield>
   <subfield code="c">Pincus Marilyn</subfield>
  </datafield>
  <datafield tag="250" ind1="#" ind2="#">
   <subfield code="a">In lần thứ 1</subfield>
  </datafield>
  <datafield tag="260" ind1="#" ind2="#">
   <subfield code="a">American :</subfield>
   <subfield code="b">MC Graw Hill ,</subfield>
   <subfield code="c">2005</subfield>
  </datafield>
  <datafield tag="300" ind1="#" ind2="#">
   <subfield code="a">240tr. ;</subfield>
   <subfield code="c">23 cm</subfield>
  </datafield>
  <datafield tag="520" ind1="#" ind2="#">
   <subfield code="a">Become a presentation genius without spending painstaking hours practicing and polishing</subfield>
  </datafield>
  <datafield tag="520" ind1="#" ind2="#">
   <subfield code="a">Boost Your Presentation IQ reveals how you can create powerful presentations and speeches for any business setting. Through an interactive format that features multiple-choice questions, you will determine your &quot;Presentation IQ.&quot; Business consultant Marilyn Pincus delivers strategies for determining the best type of presentation to give, sample phrases for attention-getting beginnings and motivational endings, Q&amp;A sessions, effective visual aids, and strategies for putting together a presentation fast.</subfield>
  </datafield>
 </record>
</collection>
